00436 2200157 4500001002100000008004100021035002000062245004800082100002300130260004400153300002100197020000600218082001000224650003100234990001300265INLIS000000000001166 ind  a0010-0423001166 aFABEL KUMPULAN DONGENG BINATANG - SI KANCIL aMB. RAHIMSYAH A.R. aSURABAYAbMITRA CENDEKIA SURABAYAc2010 a112 hlm.c20 cm. a- a398.5 aBUKU-BUKU DONGENG , BALADA a102770-1